Principles of feedback control / (Record no. 183918)

000 -LEADER
fixed length control field 00907 a2200217 4500
003 - CONTROL NUMBER IDENTIFIER
control field Nust
005 - DATE AND TIME OF LATEST TRANSACTION
control field 20230327113004.0
010 ## - LIBRARY OF CONGRESS CONTROL NUMBER
LC control number 87030539
020 ## - INTERNATIONAL STANDARD BOOK NUMBER
International Standard Book Number 0471821675
020 ## - INTERNATIONAL STANDARD BOOK NUMBER
International Standard Book Number 0471821675 (v. 1)
040 ## - CATALOGING SOURCE
Transcribing agency Nust
082 00 - DEWEY DECIMAL CLASSIFICATION NUMBER
Classification number 629.8312,BIE
100 1# - MAIN ENTRY--PERSONAL NAME
Personal name Biernson, George.
9 (RLIN) 67103
245 10 - TITLE STATEMENT
Title Principles of feedback control /
Statement of responsibility, etc. George Biernson.
Remainder of title Volume 1:feedback system design
260 ## - PUBLICATION, DISTRIBUTION, ETC.
Place of publication, distribution, etc. New York :
Name of publisher, distributor, etc. Wiley,
Date of publication, distribution, etc. c1988-
300 ## - PHYSICAL DESCRIPTION
Extent 497p
Other physical details ill. ;
Dimensions 24 cm.
505 1# - FORMATTED CONTENTS NOTE
Formatted contents note Introduction (Page-1), Transient Analysis (Page-28), Graphical Frequency Response Analysis (Page-93), Design of DC Electric Motor Servos (Page-169), General Time Behavior of Feedback Loops (Page-226), Control-System Disturbances (Page-350), A Servo Design Example (Page-395).
650 #0 - SUBJECT ADDED ENTRY--TOPICAL TERM
Topical term or geographic name entry element Feedback control systems.
856 4# - ELECTRONIC LOCATION AND ACCESS
Materials specified Table of Contents
Uniform Resource Identifier <a href="http://www.loc.gov/catdir/toc/onix05/87030539.html">http://www.loc.gov/catdir/toc/onix05/87030539.html</a>
942 ## - ADDED ENTRY ELEMENTS (KOHA)
Source of classification or shelving scheme
Koha item type Book
Holdings
Withdrawn status Lost status Source of classification or shelving scheme Damaged status Not for loan Permanent Location Current Location Shelving location Date acquired Full call number Barcode Date last seen Price effective from Koha item type Public note
          Military College of Signals (MCS) Military College of Signals (MCS) General Stacks 12/12/2016 629.8312,BIE MCS22684 12/08/2016 12/12/2016 Book Almirah No.74, Shelf No.7
© 2023 Central Library, National University of Sciences and Technology. All Rights Reserved.